Sports Quiz

Random Sports or WWE Quiz

Complete the Card: Unforgiven 2002 Quiz Stats

 Plays Quiz not verified by Sporcle

Score 0/24 Timer 03:00
0 Plays Today
Match Type Wrestler % Correct
Match 5 - Singles Match for the World Heavyweight ChampionshipTriple H
97.6%
Match 8 - Singles Match for the WWE ChampionshipThe Undertaker
95.5%
Match 1 - 8-Man Tag Team MatchChristian
94.7%
Match 6 - Singles Match for the WWE Women's ChampionshipTrish Stratus
94.7%
Match 8 - Singles Match for the WWE ChampionshipBrock Lesnar
94.7%
Match 1 - 8-Man Tag Team MatchBubba Ray Dudley
94.3%
Match 5 - Singles Match for the World Heavyweight ChampionshipRob Van Dam
93.1%
Match 1 - 8-Man Tag Team MatchKane
92.7%
Match 2 - Singles Match for the WWE Intercontinental ChampionshipChris Jericho
91.8%
Match 1 - 8-Man Tag Team MatchBooker T
90.6%
Match 7 - Singles MatchChris Benoit
90.6%
Match 1 - 8-Man Tag Team MatchLance Storm
89.8%
Match Type Wrestler % Correct
Match 1 - 8-Man Tag Team MatchTest
89.4%
Match 7 - Singles MatchKurt Angle
89%
Match 3 - Singles MatchEdge
87.8%
Match 3 - Singles MatchEddie Guerrero
86.9%
Match 1 - 8-Man Tag Team MatchGoldust
86.5%
Match 6 - Singles Match for the WWE Women's ChampionshipMolly Holly
85.7%
Match 1 - 8-Man Tag Team MatchWilliam Regal
85.3%
Match 2 - Singles Match for the WWE Intercontinental ChampionshipRic Flair
81.6%
Match 4 - Tag Team MatchBilly
77.1%
Match 4 - Tag Team MatchChuck
76.3%
Match 4 - Tag Team MatchRosey
63.7%
Match 4 - Tag Team MatchJamal
63.7%

You're not logged in!

Compare scores with friends on all Sporcle quizzes.
OR
Log In

Show Comments

Extras

Top Quizzes Today


Score Distribution

Your Account Isn't Verified!

In order to create a playlist on Sporcle, you need to verify the email address you used during registration. Go to your Sporcle Settings to finish the process.

Report this User

Report this user for behavior that violates our Community Guidelines.

Details: